UM Logo

Using information technology : (Record no. 1294)

MARC details
000 -LEADER
fixed length control field 00797nam a22002057a 4500
008 - FIXED-LENGTH DATA ELEMENTS--GENERAL INFORMATION
fixed length control field 160314b xxu||||| |||| 00| 0 eng d
020 ## - INTERNATIONAL STANDARD BOOK NUMBER
International Standard Book Number 978-0-07-018499-2 (pbk.)
082 ## - DEWEY DECIMAL CLASSIFICATION NUMBER
Edition number 2010
Classification number DC 004
Item number W67u
100 ## - MAIN ENTRY--PERSONAL NAME
9 (RLIN) 3787
Personal name Williams, Brian K., author
245 ## - TITLE STATEMENT
Title Using information technology :
Remainder of title a practical introduction to computers & communications/
Statement of responsibility, etc. Brian K. Williams, Stacey C. Sawyer.
250 ## - EDITION STATEMENT
Edition statement Eighth edition.
260 ## - PUBLICATION, DISTRIBUTION, ETC. (IMPRINT)
Place of publication, distribution, etc. Boston :
Name of publisher, distributor, etc. McGraw-Hill/Irwin,
Date of publication, distribution, etc. c2010.
300 ## - PHYSICAL DESCRIPTION
Extent xxiv, 563 pages:
Other physical details illustrations (chiefly color ) ;
Dimensions 28 cm.
500 ## - GENERAL NOTE
General note Includes bibliographical references and index.<br/>
650 #0 - SUBJECT ADDED ENTRY--TOPICAL TERM
9 (RLIN) 3790
Topical term or geographic name as entry element Computers.
650 #0 - SUBJECT ADDED ENTRY--TOPICAL TERM
9 (RLIN) 3791
Topical term or geographic name as entry element Telecommunication systems.
650 #0 - SUBJECT ADDED ENTRY--TOPICAL TERM
9 (RLIN) 3792
Topical term or geographic name as entry element Information technology.
700 ## - ADDED ENTRY--PERSONAL NAME
9 (RLIN) 3788
Personal name Sawyer, Stacey C.
942 ## - ADDED ENTRY ELEMENTS (KOHA)
Source of classification or shelving scheme Dewey Decimal Classification
Koha item type Circulation
Holdings
Withdrawn status Lost status Source of classification or shelving scheme Damaged status Not for loan Collection code Home library Current library Date acquired Source of acquisition Total Checkouts Full call number Barcode Date last seen Date last checked out Copy number Price effective from Koha item type Cost, normal purchase price
    Dewey Decimal Classification     Circulation UM Digos College - LIC UM Digos College - LIC 09/18/2009 Purchased 2 DC 004 W67u 2010 20348 05/15/2025 02/03/2018 1 03/14/2016 Circulation  
    Dewey Decimal Classification     Circulation UM Digos College - LIC UM Digos College - LIC 09/18/2009 Purchased   DC 004 W67u 2010 18130 05/15/2025   2 05/26/2016 Circulation 3995.00